Statistiques concernant Les entraineurs les plus titrés de l'histoire

Cliquez ici pour prendre le quiz!

Statistiques générales

  • Ce quiz a été pris 139 fois
  • Le résultat moyen est 3 sur 10

Statistiques - réponses

HintRéponseNombre de titres% Correct
8Pep Guardiola25
90%
7José Mourinho25
82%
1Alex Ferguson49
67%
10Arsène Wenger21
49%
9Giovanni Trapattoni23
11%
4Ottmar Hitzfeld28
9%
5Luis Felipe Scolari26
6%
6Jock Stein26
3%
2Mircea Lucescu32
3%
3Valeriy Lobanovskyi30
0%

Distribution des résultats

Percentile par nombre de réponses

% des personnes avec chaque résultat

Votre développement - résultats

Vous n’avez pas pris ce quiz